| 000 | 00361 a2200121 4500 | ||
|---|---|---|---|
| 001 | 54575 | ||
| 082 | _a629.13251 LAW | ||
| 090 |
_c33949 _d33949 |
||
| 100 | _aLawrence, Anthony | ||
| 245 |
_aModern inertial technology; navigation, guidance and control _cAnthony Lawrence |
||
| 260 |
_aBoston _bArtech House, Boston _c2001 |
||
| 300 | _axvi, 278 p. ; ill; Hb | ||
| 942 |
_aNUST-CAE _k629.13251 LAW |
||
| 999 |
_c289648 _d289648 |
||